| 000 | 00000nam##2200000za#4500 |
| 001 | 9.572250 |
| 003 | CaOODSP |
| 005 | 20220111083049 |
| 007 | cr ||||||||||| |
| 008 | 150406|1991||||xxc|||||o f|0| 0 eng|d |
| 022 | |a1928-6414 |
| 040 | |aCaOODSP|beng |
| 043 | |an-cn--- |
| 086 | 1 |aNE22-1/1991-3E-PDF |
| 110 | 1 |aCanada. |bNational Energy Board. |
| 245 | 10|aReasons for decision in the matter of TransCanada PipeLines Limited. Volume 3 : |h[electronic resource]|bfacilities, gas exports and section 71 applications |
| 246 | 1 |iVariant title : |aTransCanada PipeLines Limited |
| 260 | |aOttawa - Ontario : |bNational Energy Board |cApril 1991. |
| 300 | |a251p.|bgraphs, maps, tables |
| 490 | 1 |aReasons for decision|x1928-6414|vGH-5-89 |
| 500 | |aThe catalogue number (NE22-1/1991-3E) and ISBN (0-662-18516-1) for the print edition have been incorrectly copied in this electronic publication. |
| 590 | |a12-06-Supp|b2012-03-07 |
| 775 | 08|tMotifs de décision relativement à TransCanada PipeLines Limited. Volume 3 : |w(CaOODSP)9.602638 |
| 830 | #0|aReasons for decision (Canada. National Energy Board)|x1928-6414|vGH-5-89|w(CaOODSP)9.504480 |
| 856 | 40|ahttp://publications.gc.ca|qPDF|s811 KB|uhttps://publications.gc.ca/collections/Collection/NE22-1-1991-3E.pdf|yGH-5-89 |